Normal view
MARC view
Entry Personal Name
001 - CONTROL NUMBER
- control field: 1187053
003 - CONTROL NUMBER IDENTIFIER
- control field: OSt
005 - DATE AND TIME OF LATEST TRANSACTION
- control field: 20260324131838.0
008 - FIXED-LENGTH DATA ELEMENTS
- fixed length control field: 260324|| aca||aabn | a|a d
040 ## - CATALOGING SOURCE
- Original cataloging agency: OSt
- Transcribing agency: OSt
100 ## - HEADING--PERSONAL NAME
- Personal name: L. Andries van der Ark; Marcel A. Croon; Klaas Sijtsma
670 ## - SOURCE DATA FOUND
- Source citation: Work cat.: (OSt)1784591: L. Andries van der Ark; Marcel A. Croon; Klaas Sijtsma, New Developments in Categorical Data Analysis for the Social and Behavioral Sciences
